000 00530nam a2200229Ia 4500
003 OSt
005 20221005133321.0
006 a|||||r|||| 00| 0
007 ta
008 221004b |||||||| |||| 00| 0 eng d
024 _a62308
037 _cTextual
040 _aCRL
_cCRL
_beng
041 _2eng
_aeng
082 _aS:7:7, F9
100 _aMiles G H
_916599
245 0 _aWill to work
260 _c1929
650 _aPSYCHOLOGY
942 _hS:7:7, F9
_cTEXL
_2cc
999 _c1066458
_d1066458